| 000 | 00496nam a2200169 i 4500 | ||
|---|---|---|---|
| 001 | 116827 | ||
| 003 | ES-MaACL | ||
| 005 | 20251116063100.0 | ||
| 007 | t| | ||
| 008 | 061121s1953 sp r ||||1| spa d | ||
| 100 | 1 |
_aPenagos, Rafael de, _d1924-2010 _990147 |
|
| 245 | 1 | 0 |
_aSonetos del buen amor / _cRafael de Penagos. |
| 260 |
_aMadrid : _b[s.n.], _c1953 ( _fArtes Gráficas Estades) |
||
| 300 |
_a144 p. ; _c21 cm. |
||
| 852 |
_aES-MaACL _jC-5755 _bR.34531 |
||
| 999 |
_c116827 _d116827 |
||